| 000 | nam a22 7a 4500 | ||
|---|---|---|---|
| 999 |
_c48253 _d48253 |
||
| 003 | Nust | ||
| 005 | 20170222124308.0 | ||
| 008 | 170113b xxu||||| |||| 00| 0 eng d | ||
| 040 | _c0 | ||
| 082 | _a336.73 | ||
| 100 | _4R.K Lekhi | ||
| 245 |
_aPublic finance _cR.K. Lekhi and Joginder Singh |
||
| 250 | _a10th | ||
| 260 |
_aLudhiana _bKalyani publishers _c2015 |
||
| 300 | _a818p | ||
| 942 |
_2ddc _cBK |
||